| 000 | 00476nam a2200133Ia 4500 | ||
|---|---|---|---|
| 003 | GCL | ||
| 008 | 140319s9999 xx 000 0 ara d | ||
| 040 |
_aGCL / _cGCL |
||
| 082 | 0 | 4 |
_a953 _bف د |
| 100 | 1 | _aفاروق عثمان اباظه | |
| 245 | 1 | 0 |
_aدراسات فى تاريخ العالم العربى والاسلامى الحديث والمعاصر / _cفاروق عثمان اباظه |
| 300 | _a519 ص | ||
| 490 |
_aالهيئة العامة للاستعلامات _v0 |
||
| 999 |
_c49339 _d49339 |
||